00525nam a2200217Ia 4500008004000000020001500040041000800055082001500063100001800078245006500096260004600161300001100207650001200218650000700230650001300237650001000250650001600260650001600276650000800292650000700300210210b2011 xxu||||| |||| 00| 0 eng d a0195649540 aeng a362.5 SENP aSEN (Amartya) aPoverty and famines: an essay on entitlement and deprivation aNew DelhibOxford University Pressc2011 aix,257 aPoverty aon afamines: aessay aentitlement adeprivation aand aan